Guess country by images - Statistics

General Stats
  • This quiz has been taken 23 times
  • The average score is 7 of 16
Answer Stats
Picture Answer % Correct
Russia
95%
Germany
90%
Sweden
70%
North Korea
60%
Mexico
55%
Chile
50%
Ireland
40%
Laos
40%
Nepal
40%
San Marino
40%
Nigeria
35%
Kenya
30%
Turkmenistan
25%
Ecuador
20%
Burundi
5%
Seychelles
5%
No matching quizzes found
Score Distribution
Percent of People with Each Score
Percentile by Number Answered
Your Score History
You have not taken this quiz